|
|
|
|
| LEADER |
00000nab a2200000ua 4500 |
| 001 |
vtls010775552 |
| 003 |
SK-MaSNL |
| 005 |
20260303123409.0 |
| 008 |
230214s1977 xo |||||||||||||||||cze| |
| 035 |
|
|
|a (urnnbn)urn:nbn:sk:snk:ar-a03lpi
|
| 035 |
|
|
|a (uuid)cd2f054f-4d96-48d6-9e67-1329feda65e6
|
| 035 |
|
|
|a urn:nbn:sk:snk-ab5d1e
|
| 040 |
|
|
|a SNKBUCL
|b slo
|c SNKBUCL
|e AACR2
|
| 041 |
0 |
|
|a cze
|
| 044 |
|
|
|a xo
|c SK
|
| 100 |
1 |
|
|a Holan, Jozef,
|d 1919-2005
|4 aut
|9 97601
|
| 245 |
1 |
0 |
|a ÚLOHA PROSTAGLANDINU VE FUNKCI KREVNÍCH DESTIČEK
|c Jozef Holan, Milan Pařízek, Peter Kubisz
|
| 700 |
1 |
|
|a Pařízek, Milan
|4 aut
|9 354609
|
| 700 |
1 |
|
|a Kubisz, Peter,
|d 1942-
|4 aut
|9 192814
|
| 773 |
0 |
|
|t Bratislavské lekárske listy
|g Roč. 68, č. 4 (1977), s. 503-507
|
| 954 |
|
|
|a odborná, vedecká literatúra cudzojazyčná (svetová)
|2 lita
|
| 958 |
|
|
|a OND
|
| 958 |
|
|
|a EUIPO
|
| 958 |
|
|
|a article3
|
| 999 |
|
|
|c 1925674
|d 1927604
|